000 00594nam a2200217Ii 4500
001 4525
003 CO-ViMGA
008 241108s9999||||xx |||||||||||||| ||und||
020 _a8433905473
040 _aCO-ViMGA
_bspa
_erda
_cCO-ViMGA
041 0 _aspa
082 0 4 _a070.19 B68s
100 1 _aPierre Bourdieu
_951296
245 1 0 _aSobre la televisión
264 1 _aMadrid, EspaƱa : Anagrama, 1991
300 _avolumen
336 _atext
_btxt
_2rdacontent
337 _aunmediated
_bn
_2rdamedia
338 _avolume
_bnc
_2rdacarrier
940 _aidficha_siabuc: 4414. -- ficha_no_siabuc:4525
999 _c46007
_d46007